| 000 | 00981nam a22002897a 4500 | ||
|---|---|---|---|
| 003 | CHAP | ||
| 005 | 20220329143635.0 | ||
| 008 | 101109s1992 fr a r 00010 fre d | ||
| 010 | _a99712 | ||
| 011 | _a100684 | ||
| 035 | _a111370 | ||
| 040 | _cCHAP | ||
| 090 | _aFolleto 17833 | ||
| 110 | 1 |
_aUnion d'Associations Folklore et Culture. France _9116200 |
|
| 245 | 1 | 0 |
_aLes grands festivals d'auvergne : _bAuvergne, les folklores du monde Gannat 92 _c/por Union d'Associations Folklore et Culture |
| 260 |
_aParis : _bUnion d'Associations Folklore et Culture, _c[1992] |
||
| 300 |
_a40 p. : _bilus. |
||
| 590 |
_aBATCH-UPD _b10 _c20130110 _lUCH01 _h1138 |
||
| 590 |
_aBATCH-UPD _b10 _c20130914 _lUCH01 _h1127 |
||
| 590 |
_aCONVERSION _b10 _c20130109 _lUCH01 _h1355 |
||
| 650 | 1 | 4 |
_aCultura popular. _930409 |
| 650 | 1 | 4 |
_aFolklore. _942016 |
| 650 | 1 | 4 |
_aMúsica folklorica. _979145 |
| 901 | _aBK | ||
| 942 | _cFOLL | ||
| 949 |
_aFolleto 17833 _bBC _cFOLL _d33724002119736 _eTS1 _i111370 _sb |
||
| 999 |
_c99712 _d99712 |
||